| 000 | 00777cab a2200253 4500 | ||
|---|---|---|---|
| 001 | WB3108-59 | ||
| 008 | 090401t1995 xxu||||| |||| 00| 0 eng d | ||
| 035 | _a(Sirsi) u9833 | ||
| 041 | _aeng | ||
| 245 | _aFuture of waterways | ||
| 260 | _c1995 | ||
| 350 | _a0 | ||
| 490 |
_aFinancial Times _v20 February 1995, 8(1) |
||
| 520 | _aGovernment is to simplify the administration, shared mostly between British Waterways and NRA, of canals and rivers to allow better use and development of the waterways. DoE consultation paper. | ||
| 650 | _aBRITISH WATERWAYS | ||
| 650 | _aCANALS | ||
| 650 | _aCONSULTATION PAPERS | ||
| 650 | _aINLAND WATERWAYS | ||
| 650 | _aNATIONAL RIVERS AUTHORITY | ||
| 650 | _aRIVERS | ||
| 690 | _aWATER | ||
| 942 | _n0 | ||
| 948 | _c04/03/1997 | ||
| 999 |
_c6185 _d6185 |
||